00311nam a2200121Ia 4500008004000000020001800040082001700058100002200075245003100097260002700128300001300155650002100168210210b1984 xxu||||| |||| 00| 0 eng d a0 632 00995 0 a581.234 HILM aHILL (STEPHEN A). aMethods in plant virology. aLondonbB S Pc1984 aviii,167 aPlant Virology